Fuenteovejuna / (Registro nro. 118378)

Detalles MARC
000 -LEADER
fixed length control field 00504nam a22001817a 4500
005 - DATE AND TIME OF LATEST TRANSACTION
control field 20160801103234.0
008 - FIXED-LENGTH DATA ELEMENTS--GENERAL INFORMATION
fixed length control field 160715b mx||||| |||| 00| 0 spa d
050 04 - LIBRARY OF CONGRESS CALL NUMBER
Classification number PQ6439
Item number .F75 1994
100 1# - MAIN ENTRY--PERSONAL NAME
Personal name Lope de Vega de,
Dates associated with a name 1562-1635
245 10 - TITLE STATEMENT
Title Fuenteovejuna /
Statement of responsibility, etc Lope de Vega
250 ## - EDITION STATEMENT
Edition statement 1a ed.
260 ## - PUBLICATION, DISTRIBUTION, ETC. (IMPRINT)
Place of publication, distribution, etc México :
Name of publisher, distributor, etc Editorial Epoca,
Date of publication, distribution, etc 1994
300 ## - PHYSICAL DESCRIPTION
Extent 105 p. ;
Dimensions 20 cm.
440 #0 - SERIES STATEMENT/ADDED ENTRY--TITLE
Title Siempre Clasicos
650 #4 - SUBJECT ADDED ENTRY--TOPICAL TERM
Topical term or geographic name as entry element Comedia española
651 #4 - SUBJECT ADDED ENTRY--GEOGRAPHIC NAME
Geographic name España
Geographic subdivision Fuenteovejuna
942 ## - ADDED ENTRY ELEMENTS (KOHA)
Source of classification or shelving scheme Biblioteca del Cogreso de los Estados Unidos
Koha item type Libro
Existencias
Estado de pérdida Fuente de clasificación Estado del daño No para préstamo Ubicación permanente Ubicación actual Apartado o colección Fecha de adquisición Fuente de adquisición Edición Enumeración de Serie / Cronológica Área del conocimiento Clasificación Código de Barras Date last seen Número de copia Tipo de recurso Nota pública
  Biblioteca del Cogreso de los Estados Unidos     Biblioteca de la Facultad de Letras Biblioteca de la Facultad de Letras General 15/07/2016 Dirección General de Bibliotecas Generado 1a ed. LLH000008265 Educación y Humanidades PQ6439.F75 1994 LLH000008265 15/07/2016 C:1 Libro General
  Biblioteca del Cogreso de los Estados Unidos     Biblioteca de la Facultad de Letras Biblioteca de la Facultad de Letras General 15/07/2016 Dirección General de Bibliotecas Generado 1a ed. LLH000008266 Educación y Humanidades PQ6439.F75 1994 LLH000008266 15/07/2016 C:2 Libro General
  Biblioteca del Cogreso de los Estados Unidos     Biblioteca de la Facultad de Letras Biblioteca de la Facultad de Letras General 15/07/2016 Dirección General de Bibliotecas Generado 1a ed. LLH000008267 Educación y Humanidades PQ6439.F75 1994 LLH000008267 15/07/2016 C:3 Libro General